[Event "Lancaran op-A"]
[Site "Lancaran"]
[Date "2025.07.11"]
[Round "6"]
[White "Ahmadli, Nihad1"]
[Black "Bashirli, Saadat"]
[Result "1/2-1/2"]
[WhiteElo "1790"]
[BlackElo "2005"]
[PlyCount "76"]
[EventDate "2025.07.07"]
[EventType "swiss"]
[EventRounds "9"]
[EventCountry "AZE"]
[SourceTitle "CB29_2025"]
[SourceDate "2025.07.16"]
[SourceVersion "1"]
[SourceVersionDate "2025.07.16"]
[SourceQuality "1"]

1. e4 c5 2. Nf3 Nc6 3. Bb5 d6 4. 0-0 Bd7 5. c3 Nf6 6. Re1 a6 7. Bxc6 Bxc6 8. d4 Bxe4 9. Bg5 Bg6 10. d5 Qd7 11. c4 Ne4 12. Bh4 h6 13. Nbd2 Nxd2 14. Qxd2 Bf5 15. Qc3 Rg8 16. Re2 g5 17. Bg3 Bg7 18. Qd2 Bf6 19. Rae1 Kf8 20. b4 b6 21. a3 Kg7 22. h4 Kg6 23. Qe3 Rae8 24. Qd2 Qd8 25. a4 a5 26. b5 Rh8 27. Re3 Qd7 28. R3e2 Rd8 29. Rd1 Bg4 30. Qe3 Qf5 31. Qe4 Bxf3 32. gxf3 Qxe4 33. Rxe4 h5 34. Kh2 Kf5 35. Rde1 Rhe8 36. Kh3 e5 37. hxg5 Bxg5 38. f4 Bf6 1/2-1/2

[Event "Lancaran op-A"]
[Site "Lancaran"]
[Date "2025.07.10"]
[Round "5"]
[White "Bashirli, Saadat"]
[Black "Shirinov, Yashar"]
[Result "1-0"]
[WhiteElo "2005"]
[BlackElo "1774"]
[PlyCount "121"]
[EventDate "2025.07.07"]
[EventType "swiss"]
[EventRounds "9"]
[EventCountry "AZE"]
[SourceTitle "CB29_2025"]
[SourceDate "2025.07.16"]
[SourceVersion "1"]
[SourceVersionDate "2025.07.16"]
[SourceQuality "1"]

1. d4 Nf6 2. c4 g6 3. Nc3 d5 4. cxd5 Nxd5 5. e4 Nxc3 6. bxc3 Bg7 7. Bc4 0-0 8. Ne2 c5 9. Be3 Nc6 10. 0-0 Bg4 11. f3 Na5 12. Bxf7+ Rxf7 13. fxg4 Rxf1+ 14. Qxf1 Qd7 15. Qf3 Rf8 16. Qg3 Qb5 17. Re1 Qd3 18. e5 Nc4 19. Bg5 Qxg3 20. Nxg3 Re8 21. Kf2 h6 22. Be3 Kf7 23. Ne4 b6 24. Ke2 cxd4 25. cxd4 Rc8 26. Rc1 Ke6 27. Rc2 b5 28. h4 a5 29. Nf2 Kd5 30. Kd3 Ke6 31. a4 Rd8 32. Ke4 Nxe3 33. Kxe3 bxa4 34. Rc4 a3 35. Ra4 Ra8 36. Ke4 Kd7 37. Nd1 e6 38. Rxa3 Bf8 39. Ra4 Bb4 40. d5 exd5+ 41. Kxd5 Rd8 42. Ne3 Ke7+ 43. Ke4 Ke6 44. Nc2 Rb8 45. Nd4+ Kd7 46. Kd5 Kc7 47. Ke6 Rd8 48. Nc2 Bd2 49. Rc4+ Kb6 50. Kf7 Kb5 51. Rd4 Rxd4 52. Nxd4+ Kb6 53. e6 Bb4 54. e7 Bxe7 55. Kxe7 a4 56. Kd6 a3 57. Kd5 a2 58. Nc2 g5 59. h5 Kb5 60. Kd4 Kc6 61. Nb4+ 1-0

[Event "Lancaran op-A"]
[Site "Lancaran"]
[Date "2025.07.08"]
[Round "3"]
[White "Bashirli, Saadat"]
[Black "Guliev, Logman"]
[Result "0-1"]
[WhiteElo "2005"]
[BlackElo "2247"]
[PlyCount "118"]
[EventDate "2025.07.07"]
[EventType "swiss"]
[EventRounds "9"]
[EventCountry "AZE"]
[SourceTitle "CB29_2025"]
[SourceDate "2025.07.16"]
[SourceVersion "1"]
[SourceVersionDate "2025.07.16"]
[SourceQuality "1"]

1. d4 Nf6 2. c4 e6 3. Nc3 Bb4 4. e3 0-0 5. Bd3 d5 6. a3 Bxc3+ 7. bxc3 dxc4 8. Bxc4 c5 9. Ne2 Qc7 10. Ba2 b6 11. 0-0 Bb7 12. Bb2 Rd8 13. Ng3 Nc6 14. Rc1 Na5 15. Re1 Rac8 16. e4 cxd4 17. cxd4 Qf4 18. Qe2 h6 19. Bb1 Nb3 20. Rcd1 Na5 21. e5 Nd7 22. Bc1 Qh4 23. f4 Nf8 24. Qf2 Rc4 25. Ba2 Rc3 26. Bb2 Rc7 27. f5 Bd5 28. Bb1 exf5 29. Qxf5 Bb3 30. Rc1 Rxc1 31. Rxc1 Nc4 32. Bc3 Nxa3 33. Bd3 Be6 34. Qf2 Nc4 35. Re1 b5 36. Be4 a5 37. Rf1 Qe7 38. Nh5 Qg5 39. Nf4 Bf5 40. h4 Qg4 41. Bd5 Ne6 42. Bxe6 fxe6 43. d5 exd5 44. Qd4 Be6 45. Qc5 Rf8 46. Qe7 Rxf4 47. Rxf4 Qxf4 48. Qxe6+ Kh7 49. Qxd5 b4 50. Qd3+ Kg8 51. Bd4 Nxe5 52. Qb3+ Kh7 53. Be3 Qxh4 54. Qc2+ Ng6 55. Qc5 b3 56. Bd4 Qe4 57. Qa7 Ne7 58. Bc5 Nf5 59. Kf1 Ne7 0-1

[Event "Sheki op-A"]
[Site "Sheki"]
[Date "2025.06.24"]
[Round "8"]
[White "Bhavanya, Panchumarthi"]
[Black "Bashirli, Saadat"]
[Result "0-1"]
[WhiteElo "1840"]
[BlackElo "1989"]
[PlyCount "188"]
[EventDate "2025.06.19"]
[EventType "swiss"]
[EventRounds "9"]
[EventCountry "AZE"]
[SourceTitle "CB27_2025"]
[SourceDate "2025.07.02"]
[SourceVersion "1"]
[SourceVersionDate "2025.07.02"]
[SourceQuality "1"]

1. d4 Nf6 2. Nf3 d5 3. Bf4 Bf5 4. e3 e6 5. c4 c6 6. Nc3 Nbd7 7. Qb3 Qb6 8. c5 Qxb3 9. axb3 Ne4 10. b4 f6 11. h3 g5 12. Bh2 h5 13. Nd2 Nxd2 14. Kxd2 e5 15. Bd3 Bxd3 16. Kxd3 Bg7 17. b5 Ke7 18. b4 a6 19. bxc6 bxc6 20. Ra4 Rhd8 21. Rha1 Nb8 22. b5 cxb5 23. Nxb5 Nc6 24. Nc7 Ra7 25. Nb5 Rb7 26. Nd6 Rb2 27. Nf5+ Kf7 28. Rxa6 Rdb8 29. Rb6 R8xb6 30. cxb6 Bf8 31. e4 dxe4+ 32. Kxe4 Rxb6 33. dxe5 Rb4+ 34. Kd5 Nxe5 35. Nd6+ Bxd6 36. Kxd6 Nd3 37. Ra7+ Kg6 38. Ra2 Rd4+ 39. Ke7 Nc5 40. Re2 Kg7 41. f3 h4 42. Bd6 Nb3 43. Re6 Ra4 44. Re1 Nd4 45. Bc5 Nf5+ 46. Ke6 Kg6 47. Re2 Ng3 48. Rb2 Nh5 49. Be3 Ra3 50. Bc1 Rc3 51. Bd2 Rd3 52. Bc1 Ng7+ 53. Ke7 Nf5+ 54. Ke8 Rd1 55. Rc2 Re1+ 56. Kd7 Kf7 57. Kc8 Nd4 58. Rc7+ Kg6 59. Bb2 Ne6 60. Rc2 Rd1 61. Kb7 Nf4 62. Rc6 Nd5 63. Rc2 Rb1 64. Kc8 Nf4 65. Bd4 Rd1 66. Be3 Nd5 67. Bc5 Kf5 68. Kb7 Nf4 69. Kb6 Re1 70. Kb5 Re2 71. Rxe2 Nxe2 72. Kc4 Nf4 73. Kc3 Nxg2 74. Kd2 Nf4 75. Ke3 Nxh3 76. Bd6 Nf4 77. Kf2 Nd3+ 78. Kg2 Ne5 79. Be7 Kf4 80. Bxf6 Nxf3 81. Bd8 Kg4 82. Bc7 Nd2 83. Bb8 Ne4 84. Bc7 Nd2 85. Bb8 Nc4 86. Bc7 Ne3+ 87. Kf2 Nd5 88. Bd6 Kh3 89. Be5 g4 90. Bd6 Nc3 91. Bc7 Nd1+ 92. Ke2 Kg2 93. Kxd1 h3 94. Ke2 h2 0-1

[Event "Sheki op-A"]
[Site "Sheki"]
[Date "2025.06.23"]
[Round "7"]
[White "Bashirli, Saadat"]
[Black "Berdashkevich, Makar"]
[Result "1/2-1/2"]
[WhiteElo "1989"]
[BlackElo "1816"]
[PlyCount "84"]
[EventDate "2025.06.19"]
[EventType "swiss"]
[EventRounds "9"]
[EventCountry "AZE"]
[SourceTitle "CB27_2025"]
[SourceDate "2025.07.02"]
[SourceVersion "1"]
[SourceVersionDate "2025.07.02"]
[SourceQuality "1"]

1. d4 Nf6 2. c4 e6 3. Nc3 Bb4 4. e3 b6 5. Nge2 Ba6 6. a3 Bxc3+ 7. Nxc3 d5 8. b3 0-0 9. Be2 c5 10. dxc5 dxc4 11. Qxd8 Rxd8 12. bxc4 Nbd7 13. c6 Nc5 14. Nb5 Rac8 15. Nxa7 Rc7 16. Nb5 Rxc6 17. a4 Nd3+ 18. Bxd3 Rxd3 19. Ke2 Rd7 20. Bb2 Rxc4 21. Rhc1 Rb4 22. Bd4 h6 23. Rcb1 Rc4 24. Rb2 Rd5 25. Ke1 Nd7 26. f4 f6 27. Rd2 Bxb5 28. axb5 Rxb5 29. Ra7 Rd5 30. Rb2 b5 31. Rb7 e5 32. fxe5 fxe5 33. Ba7 Ra4 34. Ke2 Kf7 35. Bb8 Ke6 36. R7xb5 Rxb5 37. Rxb5 Ra2+ 38. Kf3 Rc2 39. Ba7 Rc7 40. Ra5 Rc8 41. e4 Rf8+ 42. Ke2 Ra8 1/2-1/2

[Event "Titled Tuesday intern op 04th Mar Early"]
[Site "Chess.com INT"]
[Date "2025.03.04"]
[Round "5"]
[White "Soria Delgado, Kadir"]
[Black "Bashirli, Saadat"]
[Result "0-1"]
[WhiteElo "2260"]
[BlackElo "1951"]
[PlyCount "132"]
[EventDate "2025.03.04"]
[EventType "swiss (blitz)"]
[EventRounds "11"]
[EventCountry "USA"]
[SourceTitle "CB11_2025"]
[SourceDate "2025.03.12"]
[SourceVersion "1"]
[SourceVersionDate "2025.03.12"]
[SourceQuality "1"]

1. e4 c5 2. Nf3 Nc6 3. d4 cxd4 4. Nxd4 g6 5. Nc3 Bg7 6. Be3 Nf6 7. Bc4 0-0 8. Bb3 a5 9. 0-0 Nxd4 10. Bxd4 d6 11. Re1 Bd7 12. a4 Rc8 13. Nd5 Nxd5 14. exd5 Re8 15. Bxg7 Kxg7 16. Qd4+ Kg8 17. h4 h5 18. Re3 Qc7 19. Rae1 Bf5 20. c4 e6 21. dxe6 Bxe6 22. Qf6 Qd8 23. Qf4 Rf8 24. Qh6 Qf6 25. Rd1 Bxc4 26. Rf3 Qg7 27. Qxg7+ Kxg7 28. Rxd6 Bxb3 29. Rxb3 Rc4 30. g3 Rxa4 31. Rxb7 Ra1+ 32. Kg2 a4 33. Rdd7 Rb1 34. Ra7 Rxb2 35. Rxa4 Rb6 36. Rf4 Kg8 37. Rc7 Re6 38. Rd7 Kg7 39. Rc7 Re2 40. Rd7 Ra2 41. Rc7 Ra5 42. Rd7 g5 43. hxg5 Rxg5 44. Rd6 f6 45. Rd7+ Kg6 46. Rc4 h4 47. Rcc7 Rg8 48. Kh3 hxg3 49. fxg3 Re5 50. Kg2 Re2+ 51. Kf3 Rb2 52. Re7 Rb5 53. Red7 Kf5 54. Kg2 Rb2+ 55. Kf3 Rb3+ 56. Ke2 Rgxg3 57. Rd5+ Kg6 58. Rdc5 Rb2+ 59. Rc2 Rg2+ 60. Kd1 Rgxc2 61. Rxc2 Rxc2 62. Kxc2 Kg5 63. Kd3 Kf4 64. Ke2 Kg3 65. Kf1 Kf3 66. Ke1 f5 0-1

[Event "Titled Tuesday intern op 11th Feb Early"]
[Site "Chess.com INT"]
[Date "2025.02.11"]
[Round "5"]
[White "Bashirli, Saadat"]
[Black "Safarullakhan, Safin"]
[Result "0-1"]
[WhiteElo "1951"]
[BlackElo "2075"]
[PlyCount "116"]
[EventDate "2025.02.11"]
[EventType "swiss (blitz)"]
[EventRounds "11"]
[EventCountry "USA"]
[SourceTitle "CB09_2025"]
[SourceDate "2025.02.27"]
[SourceVersion "1"]
[SourceVersionDate "2025.02.27"]
[SourceQuality "1"]

1. e4 c5 2. Nf3 d6 3. Bb5+ Bd7 4. Bxd7+ Qxd7 5. c4 Nc6 6. Nc3 Nf6 7. 0-0 g6 8. d4 cxd4 9. Nxd4 Bg7 10. Be3 0-0 11. f3 a6 12. Qd2 Rac8 13. b3 Ne5 14. Nd5 Nxd5 15. cxd5 e6 16. dxe6 fxe6 17. Rac1 d5 18. exd5 Qxd5 19. Rxc8 Rxc8 20. Qe2 Rc3 21. Rd1 Nc6 22. Nxc6 Qxc6 23. Rd2 h6 24. Kf2 Rc1 25. Rd8+ Kh7 26. Bxc1 Qb6+ 27. Qe3 Qxd8 28. Qxe6 Qd4+ 29. Qe3 Qa1 30. Qd2 Qe5 31. g3 h5 32. Kg2 Qf6 33. Qe2 Qc3 34. Be3 Qe5 35. Qd2 Qf5 36. Bf4 Qe6 37. Be3 Qc6 38. Bd4 Qd5 39. Be3 Qc6 40. Kf2 Qe6 41. Kg2 Qf5 42. Bf4 Qb1 43. Qe2 b5 44. Be3 Qf5 45. h4 Qe6 46. Qd2 Qf5 47. Bf2 Qe6 48. Qe3 Qf5 49. Qc5 Qd3 50. Qc1 Qe2 51. Qc5 Qxa2 52. b4 Qb2 53. Kh3 Qa2 54. Be3 Qe6+ 55. Kg2 Qa2+ 56. Kh3 Qe2 57. Qe7 Qxf3 58. Bd4 Qh1# 0-1

[Event "Titled Tuesday intern op 11th Feb Early"]
[Site "Chess.com INT"]
[Date "2025.02.11"]
[Round "11"]
[White "Brunner, Nicolas"]
[Black "Bashirli, Saadat"]
[Result "1-0"]
[WhiteElo "2421"]
[BlackElo "1951"]
[PlyCount "105"]
[EventDate "2025.02.11"]
[EventType "swiss (blitz)"]
[EventRounds "11"]
[EventCountry "USA"]
[SourceTitle "CB08_2025"]
[SourceDate "2025.02.19"]
[SourceVersion "1"]
[SourceVersionDate "2025.02.19"]
[SourceQuality "1"]

1. d4 d5 2. c4 e6 3. Nf3 c6 4. Bg5 Be7 5. Bxe7 Qxe7 6. e3 Nf6 7. Nc3 0-0 8. Bd3 Nbd7 9. 0-0 dxc4 10. Bxc4 e5 11. Re1 e4 12. Nd2 b5 13. Bb3 Bb7 14. Bc2 c5 15. Nxb5 a6 16. Nc3 Rac8 17. Qe2 Rfe8 18. Rad1 a5 19. Nb3 cxd4 20. Nxd4 g6 21. Ba4 Red8 22. Bxd7 Rxd7 23. Qb5 Ra8 24. h3 Rdd8 25. Nc6 Bxc6 26. Qxc6 Rdc8 27. Qd6 Qxd6 28. Rxd6 Kg7 29. Rd4 Rab8 30. Re2 Rb4 31. Red2 Rcb8 32. b3 Rc8 33. Ne2 Rb5 34. Ng3 Re5 35. Ra4 h5 36. Rdd4 Rce8 37. h4 R8e7 38. Rac4 Re8 39. a3 R8e7 40. b4 axb4 41. axb4 Re8 42. Rc5 R5e6 43. b5 Rb8 44. Rb4 Re7 45. b6 Re6 46. b7 Ree8 47. Rcb5 Re7 48. Kf1 Ne8 49. Nxe4 Nc7 50. Ra5 Ne6 51. Nd6 Rd7 52. Ra8 Rbxb7 53. Nxb7 1-0

[Event "Titled Tuesday intern op 04th Feb Early"]
[Site "Chess.com INT"]
[Date "2025.02.04"]
[Round "11"]
[White "Bashirli, Saadat"]
[Black "Mizzi, Jack"]
[Result "1-0"]
[WhiteElo "1951"]
[BlackElo "2093"]
[PlyCount "117"]
[EventDate "2025.02.04"]
[EventType "swiss (blitz)"]
[EventRounds "11"]
[EventCountry "USA"]
[SourceTitle "CB07_2025"]
[SourceDate "2025.02.12"]
[SourceVersion "1"]
[SourceVersionDate "2025.02.12"]
[SourceQuality "1"]

1. d4 Nf6 2. c4 e6 3. Nc3 d5 4. cxd5 exd5 5. Bg5 Nbd7 6. e3 c6 7. Bd3 h6 8. Bh4 Bd6 9. Nge2 0-0 10. Bg3 Nb6 11. 0-0 Re8 12. Qd2 Ne4 13. Bxe4 dxe4 14. Bxd6 Qxd6 15. b3 Bf5 16. Ng3 Bg6 17. f3 exf3 18. Rxf3 c5 19. d5 Rad8 20. e4 Qe5 21. Rd1 h5 22. h4 c4 23. b4 Nd7 24. a3 Nf6 25. Qd4 Ng4 26. Qxe5 Nxe5 27. Rff1 Nd3 28. Rd2 f6 29. Re2 a6 30. Nf5 Bxf5 31. Rxf5 Re5 32. Rf1 Kf7 33. Rd2 b5 34. a4 Nxb4 35. axb5 axb5 36. Nxb5 Rxe4 37. d6 Nd3 38. g3 Re5 39. Na3 Nc5 40. Nxc4 Re4 41. Nb2 Ke6 42. Rfd1 Nb7 43. d7 g5 44. hxg5 fxg5 45. Nd3 Kf6 46. Nf2 Re7 47. Rd4 Nc5 48. Rd6+ Kg7 49. R1d5 Ne6 50. Ne4 Nf8 51. Rxg5+ Kh7 52. Rxh5+ Kg7 53. Nf6 Re1+ 54. Kf2 Kg6 55. Kxe1 Nxd7 56. Rhd5 Ra8 57. Nxd7+ Kf7 58. Rf6+ Kg7 59. Rf2 1-0

[Event "Titled Tuesday intern op 28th Jan Early"]
[Site "Chess.com INT"]
[Date "2025.01.28"]
[Round "10"]
[White "Bashirli, Saadat"]
[Black "Boci, Mateo"]
[Result "0-1"]
[WhiteElo "1969"]
[BlackElo "2312"]
[PlyCount "106"]
[EventDate "2025.01.28"]
[EventType "swiss (blitz)"]
[EventRounds "11"]
[EventCountry "USA"]
[SourceTitle "CB06_2025"]
[SourceDate "2025.02.05"]
[SourceVersion "1"]
[SourceVersionDate "2025.02.05"]
[SourceQuality "1"]

1. d4 Nf6 2. e3 e6 3. Bd3 d5 4. c3 Bd6 5. f4 0-0 6. Nf3 b6 7. 0-0 Bb7 8. Ne5 Ne4 9. Nd2 Nd7 10. Qe2 f6 11. Nxd7 Qxd7 12. c4 Rae8 13. b3 Kh8 14. Bb2 c5 15. Rac1 f5 16. Nf3 Qf7 17. Ne5 Bxe5 18. fxe5 Qg6 19. cxd5 Bxd5 20. dxc5 Nxc5 21. Bb5 Rc8 22. Ba3 Rfd8 23. Bc4 Be4 24. Rfd1 h6 25. Rd4 Rxd4 26. exd4 Nd7 27. Rd1 b5 28. Bd3 Bxd3 29. Qxd3 a6 30. Rc1 Rxc1+ 31. Bxc1 Nb6 32. Qc2 Qg4 33. Qd3 Nd5 34. h3 Qh4 35. Bd2 Kh7 36. a4 bxa4 37. bxa4 Nb6 38. a5 Nd5 39. Bc3 Qf4 40. Bd2 Qh4 41. Bc3 Qd8 42. Bd2 Qc8 43. Kh2 Qc6 44. Qb3 Qc7 45. Qd3 Qb7 46. Qc4 Qb2 47. Qd3 Kh8 48. Kg3 f4+ 49. Bxf4 Qxg2+ 50. Kxg2 Nxf4+ 51. Kf3 Nxd3 52. Ke3 Nb4 53. Ke4 Kg8 0-1

[Event "Swiss Queens Wed #48"]
[Site "FIDE Online Arena INT"]
[Date "2024.12.25"]
[Round "8"]
[White "Bashirli, Saadat"]
[Black "Garau, Francesca"]
[Result "1-0"]
[WhiteElo "1986"]
[BlackElo "1908"]
[PlyCount "99"]
[EventDate "2024.12.25"]
[EventType "swiss (blitz)"]
[EventRounds "11"]
[EventCountry "NET"]
[SourceTitle "CB02_2025"]
[SourceDate "2025.01.08"]
[SourceVersion "1"]
[SourceVersionDate "2025.01.08"]
[SourceQuality "1"]

1. d4 Nf6 2. e3 d5 3. Bd3 e6 4. f4 c5 5. c3 Nc6 6. Nf3 Bd6 7. 0-0 0-0 8. Ne5 Qc7 9. Nd2 a6 10. Kh1 b5 11. e4 dxe4 12. Nxe4 Nxe4 13. Bxe4 Bb7 14. Qh5 f5 15. Bxc6 Bxc6 16. Be3 Bxe5 17. fxe5 cxd4 18. Bxd4 Qb7 19. Qg5 Be4 20. Rae1 Rf7 21. Re3 a5 22. Rh3 b4 23. Kg1 a4 24. cxb4 Qxb4 25. Bc3 Qc5+ 26. Kh1 a3 27. b3 Rc8 28. Qd2 Qc6 29. Rg3 Rd7 30. Qe3 Rd3 31. Rxg7+ Kxg7 32. Qg5+ Kh8 33. Qf6+ Kg8 34. Qg5+ Kf7 35. Qf6+ Ke8 36. Qh8+ Kf7 37. Qxh7+ Ke8 38. Qg8+ Kd7 39. Qf7+ Kd8 40. Ba5+ Rc7 41. Bxc7+ Kc8 42. Qg8+ Kxc7 43. Qg5 Rd2 44. Qxd2 Bd5 45. Rc1 Bxg2+ 46. Kg1 Kb6 47. Rxc6+ Bxc6 48. Qd4+ Kc7 49. Qd6+ Kb7 50. Qxe6 1-0

[Event "Swiss Queens Wed #48"]
[Site "FIDE Online Arena INT"]
[Date "2024.12.25"]
[Round "3"]
[White "Sarquis, Maria Belen"]
[Black "Bashirli, Saadat"]
[Result "1-0"]
[WhiteElo "2156"]
[BlackElo "1986"]
[PlyCount "79"]
[EventDate "2024.12.25"]
[EventType "swiss (blitz)"]
[EventRounds "11"]
[EventCountry "NET"]
[SourceTitle "CB02_2025"]
[SourceDate "2025.01.08"]
[SourceVersion "1"]
[SourceVersionDate "2025.01.08"]
[SourceQuality "1"]

1. e4 c5 2. Nf3 Nc6 3. Bb5 d6 4. 0-0 Bd7 5. Re1 Nf6 6. c3 a6 7. Bf1 Bg4 8. h3 Bxf3 9. Qxf3 g6 10. d3 Bg7 11. a4 0-0 12. Nd2 b5 13. g3 e5 14. Qe2 Re8 15. Bg2 Rb8 16. Nf1 Qd7 17. Bg5 h6 18. Bxf6 Bxf6 19. Ne3 Ne7 20. Kh2 Bg7 21. axb5 axb5 22. h4 h5 23. Ra6 Rb7 24. Rea1 Reb8 25. Bh3 Qc7 26. g4 hxg4 27. Qxg4 Kh7 28. h5 Bh6 29. hxg6+ fxg6 30. Qh4 Kg7 31. Rg1 Bf4+ 32. Kh1 Rh8 33. Qg4 Ra7 34. Rxa7 Qxa7 35. Qe6 Qc7 36. Nf5+ Nxf5 37. Rxg6+ Kh7 38. Bxf5 b4 39. Rh6+ Kg7 40. Qf6+ 1-0

[Event "Swiss Queens Wed #47"]
[Site "FIDE Online Arena INT"]
[Date "2024.12.18"]
[Round "7"]
[White "Anishka, Vikram"]
[Black "Bashirli, Saadat"]
[Result "0-1"]
[WhiteElo "1852"]
[BlackElo "1986"]
[PlyCount "134"]
[EventDate "2024.12.18"]
[EventType "swiss (blitz)"]
[EventRounds "11"]
[EventCountry "NET"]
[SourceTitle "CB52_2024"]
[SourceDate "2024.12.25"]
[SourceVersion "1"]
[SourceVersionDate "2024.12.25"]
[SourceQuality "1"]

1. d4 d5 2. c4 e6 3. Nc3 c6 4. e3 Nf6 5. Nf3 Nbd7 6. b3 Bd6 7. Bd3 0-0 8. 0-0 e5 9. cxd5 cxd5 10. Nb5 Bb8 11. dxe5 Nxe5 12. Nxe5 Bxe5 13. Nd4 Re8 14. Bb2 Bd7 15. h3 Qb6 16. Qe2 Rac8 17. Rac1 Rxc1 18. Rxc1 h6 19. Nf5 Bxf5 20. Bxf5 d4 21. Kh1 dxe3 22. Bxe5 Rxe5 23. Rc8+ Ne8 24. fxe3 Qxe3 25. Qxe3 Rxe3 26. Bd7 Kf8 27. Rb8 b6 28. Ra8 a5 29. Rb8 Re2 30. a4 f6 31. Rxb6 Ke7 32. Bb5 Re1+ 33. Kh2 Nd6 34. Ra6 Re3 35. Ra7+ Kf8 36. Ra8+ Kf7 37. Ra7+ Kg6 38. Rxa5 Rxb3 39. Ra8 Nxb5 40. axb5 Rxb5 41. Ra3 Rb2 42. Kg3 f5 43. Ra6+ Kh7 44. Ra5 g6 45. Ra7+ Kg8 46. Ra6 Kf7 47. Ra7+ Kf6 48. Ra6+ Kg5 49. h4+ Kh5 50. Ra3 Rb4 51. Ra6 Rg4+ 52. Kf3 Rxh4 53. g3 Rb4 54. Ra5 Rb3+ 55. Kg2 Kg5 56. Rc5 h5 57. Ra5 h4 58. gxh4+ Kxh4 59. Ra6 g5 60. Ra4+ g4 61. Kh2 Rb2+ 62. Kg1 Kg5 63. Ra5 g3 64. Rc5 Kg4 65. Rc4+ f4 66. Rc8 Rb1+ 67. Kg2 f3# 0-1

[Event "Swiss Queens Wed #47"]
[Site "FIDE Online Arena INT"]
[Date "2024.12.18"]
[Round "3"]
[White "Khamdamova, Afruza"]
[Black "Bashirli, Saadat"]
[Result "1-0"]
[WhiteElo "2354"]
[BlackElo "1986"]
[PlyCount "135"]
[EventDate "2024.12.18"]
[EventType "swiss (blitz)"]
[EventRounds "11"]
[EventCountry "NET"]
[SourceTitle "CB52_2024"]
[SourceDate "2024.12.25"]
[SourceVersion "1"]
[SourceVersionDate "2024.12.25"]
[SourceQuality "1"]

1. e4 c5 2. Nf3 Nc6 3. d4 cxd4 4. Nxd4 g6 5. c4 Nf6 6. Nc3 Nxd4 7. Qxd4 d6 8. Be2 Bg7 9. Be3 0-0 10. Qd3 Nd7 11. 0-0 Nc5 12. Qc2 Be6 13. Nd5 a6 14. Rad1 Nd7 15. f4 Bxd5 16. exd5 Qa5 17. b3 b5 18. Bg4 Nf6 19. Be2 Rfc8 20. Bd4 Nxd5 21. Bxg7 Ne3 22. Qb2 Nxd1 23. Rxd1 bxc4 24. Bxc4 Rab8 25. Bh6 e5 26. Qf2 exf4 27. Qxf4 Rb7 28. Qxd6 Qb6+ 29. Qxb6 Rxb6 30. Rd7 Rf6 31. Ra7 Re8 32. h3 Rf5 33. Bd2 Rd8 34. Bc3 a5 35. Bxa5 Rd1+ 36. Kh2 Kg7 37. Bc3+ Kh6 38. Rxf7 Rc5 39. Bg7+ Kg5 40. Rf2 h5 41. g3 h4 42. Bf6+ Kh6 43. Bxh4 g5 44. Rf6+ Kg7 45. Rf7+ Kg6 46. Bxg5 Kxg5 47. Rf2 Re5 48. h4+ Kg6 49. a3 Re3 50. a4 Ree1 51. Kh3 Rh1+ 52. Kg4 Rd4+ 53. Rf4 Rd2 54. Re4 Rg1 55. a5 Rdg2 56. Re3 Ra2 57. a6 Ra5 58. Re6+ Kg7 59. Re7+ Kf6 60. Rf7+ Kg6 61. Rd7 Re1 62. Rd6+ Kg7 63. Rd4 Re7 64. b4 Ra4 65. Bd3 Re6 66. Rf4 Rb6 67. b5 Ra3 68. Bc4 1-0